[Event "HCL-A054"]
[Site "www.playchess.de"]
[Date "2001.01.29"]
[Round "6"]
[White "teenspirit"]
[Black "raghavendrakarthik"]
[WhiteElo "1768"]
[BlackElo "1548"]
[PlyCount "45"]
[Result "1-0"]

1.d4 Nf6 2.Nf3 d5 3.c4 dxc4 4.Nc3 a6 5.a4 Nc6 6.e4 
Bg4 7.Be3 e5 8.d5 Na5 9.Be2 Bxf3 10.Bxf3 Nb3 
11.Rb1 Bc5 12.Bg5 Nd4 13.Be2 b5 14.axb5 Nxe2 
15.Qxe2 Bb4 16.Qxc4 Bxc3+ 17.bxc3 axb5 18.Qc6+ Kf8 
19.O-O Rb8 20.Rxb5 Rxb5 21.Qxb5 Qd6 22.Ra1 g6 
23.Ra6 1-0

[Event "HCL-A054"]
[Site "www.playchess.de"]
[Date "2001.01.29"]
[Round "32"]
[White "raghavendrakarthik"]
[Black "Flemming"]
[WhiteElo "1548"]
[BlackElo "1900"]
[PlyCount "30"]
[Result "0-1"]

1.e4 c6 2.c4 e6 3.d4 d5 4.e5 Na6 5.Nc3 dxc4 6.Bxc4 
Nb4 7.Nf3 Ne7 8.Ng5 Nf5 9.a3 Qxd4 10.Qxd4 Nxd4 
11.axb4 Nc2+ 12.Ke2 Nxa1 13.Be3 Nc2 14.Na2 Nxb4 
15.Nxb4 Bxb4 0-1

[Event "HCL-A058"]
[Site "www.playchess.de"]
[Date "2001.01.29"]
[Round "2"]
[White "klypp"]
[Black "EKALAYA"]
[WhiteElo "2109"]
[BlackElo "1935"]
[PlyCount "61"]
[Result "1-0"]

1.e4 c5 2.Nf3 Nc6 3.d4 cxd4 4.Nxd4 d6 5.Be3 Nf6 
6.Nc3 g6 7.Be2 Bg7 8.h4 h5 9.f3 a6 10.Qd2 Qa5 
11.Nb3 Qc7 12.O-O-O Be6 13.Nd4 Nxd4 14.Bxd4 Rc8 
15.Kb1 b5 16.a3 O-O 17.g4 Bc4 18.Bxc4 Qxc4 19.Bxf6 
Bxf6 20.Nd5 hxg4 21.fxg4 Qxe4 22.g5 Bxb2 {Welcome 
back to PlayChess !}  23.Kxb2 {At last! It's good 
to be back!}  b4 24.axb4 Rc4 25.c3 Rb8 {You really 
have the knack to kill off any fun ... :-(}  
26.Rde1 {Ah, but dragon hunting IS fun! No better 
way to experience the wilderness!}  Qf3 27.Rhf1 
Qg3 28.Nxe7+ Kg7 {Dear me ... you are having a 
whale of a fun time, aren't you .. ?}  29.h5 {Wow! 
This is terrific! If I got it all right...}  a5 
{Well .. two more moves we will pass 30 moves and 
then I can resign without this being a 
"miniature"}  30.Rxf7+ {:) There's nothing like a 
well trained horse when you're dragon hunting!}  
Kxf7 {Impressive .. I will resign next move 30. 
h6+ would have been weaker as it gives me some 
chances}  31.hxg6+ {Thanks for an interesting game 
and a fun chat!}  1-0

[Event "HCL-A058"]
[Site "www.playchess.de"]
[Date "2001.01.29"]
[Round "8"]
[White "aldi"]
[Black "mariuszk"]
[WhiteElo "2231"]
[BlackElo "2049"]
[PlyCount "27"]
[Result "1-0"]

1.c4 f5 2.Nf3 Nf6 3.g3 g6 4.d4 Bg7 5.Bg2 d6 6.O-O 
O-O 7.Nc3 Qe8 8.d5 e5 9.e6 Qxe6 10.Qb3 c6 11.Bf4 
Kh8 12.Rad1 Rd8 13.Ng5 Qd7 14.Rxd6 1-0

[Event "HCL-A062"]
[Site "www.playchess.de"]
[Date "2001.01.29"]
[Round "3"]
[White "Rifleman"]
[Black "suffix"]
[WhiteElo "1700"]
[BlackElo "1885"]
[PlyCount "54"]
[Result "0-1"]

1.e4 e6 2.d4 d5 3.Nc3 Bb4 4.e5 c5 5.Nf3 Ne7 6.Bb5+ 
Bd7 7.Bxd7+ Nxd7 8.O-O cxd4 9.Qxd4 Bxc3 10.Qxc3 
Rc8 11.Qa3 a6 12.c3 Ng6 13.Qb4 Qc7 14.Re1 Qb8 
15.Qd6 Ndxe5 16.Qxb8 Nxf3+ 17.gxf3 Rxb8 18.Re3 Ne7 
19.b4 Nf5 20.Rd3 O-O 21.Kf1 Rbc8 22.Bf4 Rc4 23.Bg3 
Nxg3+ 24.fxg3 Rfc8 25.Rc1 Rxb4 26.Rc2 {Verry good 
trap.Going to think about it?}  Rbc4 {you maked 
mistake 15.Qd6 , it easy to win after this mistake 
(sorry for my English)}  27.Rd4 
Rxd4 0-1

[Event "HCL-A062"]
[Site "www.playchess.de"]
[Date "2001.01.29"]
[Round "16"]
[White "teenspirit"]
[Black "peze3"]
[WhiteElo "1766"]
[BlackElo "2168"]
[PlyCount "40"]
[Result "0-1"]

1.d4 d5 2.Nf3 Nf6 3.c4 e6 4.Nc3 c6 5.e3 Nbd7 6.Qc2 
Bd6 7.g4 dxc4 8.Bxc4 Nxg4 9.Rg1 Nxh2 10.Nxh2 Bxh2 
11.Rxg7 Qh4 12.e4 {Seems an interesting game dont 
u think?}  h5 {It is an interesting game! :-))}  
13.e5 {Yeah! let's see how it finishes...}  Nxe5 
14.Be2 Qxd4 15.Rg2 Bf4 16.Ne4 Ng6 17.Rxg6 Bxc1 
18.Rxc1 fxg6 19.Nd6+ Ke7 20.Qxg6 
Qf6 0-1

[Event "HCL-B057"]
[Site "www.playchess.de"]
[Date "2001.01.29"]
[Round "13"]
[White "paule"]
[Black "pawnd4"]
[WhiteElo "1564"]
[BlackElo "1944"]
[PlyCount "91"]
[Result "1-0"]

1.e4 g6 2.d4 b6 3.Nc3 d6 4.f4 Bb7 5.Nf3 Bg7 6.Bd3 
Nd7 7.O-O e6 8.Qe2 a6 9.Be3 Ne7 10.Rae1 c5 11.f5 
cxd4 12.Bxd4 e5 13.Bf2 gxf5 14.exf5 d5 15.Ng5 h5 
16.f6 Bxf6 17.Nh7 Ng6 18.Bxg6 fxg6 19.Nxf6+ Qxf6 
20.Bg3 Qe7 21.Bxe5 Rh7 22.Bf6 Nxf6 23.Rxf6 Qxe2 
24.Rxe2+ Kd7 25.Na4 Kc7 26.Nxb6 Rb8 27.a4 Rg7 
28.a5 Rd8 29.Rd2 Bc6 30.c3 Bb7 31.h3 Bc6 32.b4 Bb7 
33.Rd3 Bc6 34.c4 g5 35.Nxd5+ Bxd5 36.Rxd5 Rxd5 
37.cxd5 Rd7 38.Rc6+ Kb7 39.Rc5 Rd8 40.Kf2 Rf8+ 
41.Ke3 Rf6 42.b5 axb5 43.Rxb5+ Kc7 44.d6+ Rxd6 {it 
looks bleek right now?}  45.Rxg5 {Sorry, I don't 
know, what means "bleek"...}  h4 {I Have a bad 
postion..}  46.Rh5 {Position is difficult for both 
players...I think...}  1-0

[Event "HCL-B066"]
[Site "www.playchess.de"]
[Date "2001.01.29"]
[Round "16"]
[White "Pelikan"]
[Black "flywheel"]
[WhiteElo "1251"]
[BlackElo "895"]
[PlyCount "81"]
[Result "1-0"]

1.e4 e5 2.Nf3 Nc6 3.Bc4 Nf6 4.d3 Bb4+ 5.c3 Ba5 
6.b4 Bb6 7.a4 Bxf2+ 8.Kxf2 d5 9.exd5 Nxd5 10.Rf1 
Bg4 11.Kg1 O-O 12.Nbd2 Ne3 13.Qe2 Nxf1 14.Qxf1 a6 
15.Ne4 Bxf3 16.Qxf3 b5 17.axb5 axb5 18.Rxa8 Qxa8 
19.Bxb5 Qa1 20.Qf1 Na7 21.Bc4 Nc6 22.Ng5 Nd8 
23.Bd2 Qxf1+ 24.Kxf1 Ne6 25.Nxe6 fxe6+ 26.Ke2 Rf6 
27.Be1 g5 28.Bg3 Kf7 29.Bxe5 Rf5 30.Bxc7 h5 31.b5 
Ke7 32.b6 Kd7 33.Bxe6+ Kxe6 34.b7 Rb5 35.b8Q Rxb8 
36.Bxb8 Kd5 37.Ke3 h4 38.c4+ Kc5 39.Ba7+ Kc6 
40.Ke4 Kd6 41.d4 1-0

[Event "HCL-B083"]
[Site "www.playchess.de"]
[Date "2001.01.29"]
[Round "20"]
[White "Arn"]
[Black "msmsk"]
[WhiteElo "1429"]
[BlackElo "1549"]
[PlyCount "64"]
[Result "0-1"]

1.Nf3 d5 2.d4 Nf6 3.Nc3 Bf5 4.Be3 e6 5.Bf4 c5 6.e3 
Nc6 7.Bd3 Bg6 8.Nb5 Rc8 9.O-O a6 10.Nc7+ Rxc7 
11.h3 Rc8 12.a3 Bxd3 13.Qxd3 Qb6 14.Rab1 c4 15.Qd2 
Be7 16.b3 Ne4 17.Qe1 c3 18.Ra1 O-O 19.Ne5 Nxe5 
20.Bxe5 Nd2 21.Qe2 Nxf1 22.Rxf1 f6 23.Bg3 Bxa3 
24.Ra1 Bd6 25.Bxd6 Qxd6 26.e4 dxe4 27.Qg4 Qxd4 
28.Qxe6+ Kh8 29.Qe7 Rcb8 30.Rb1 Rfe8 31.Qf7 e3 
32.fxe3 Rxe3 0-1

[Event "HCL-B099"]
[Site "www.playchess.de"]
[Date "2001.01.29"]
[Round "9"]
[White "Gruhni"]
[Black "tim_danieli"]
[WhiteElo "1410"]
[BlackElo "1844"]
[PlyCount "91"]
[Result "1-0"]

1.e4 c5 2.Nf3 d6 3.Nc3 Nc6 4.Bc4 e6 5.d3 g6 6.Ne2 
Bg7 7.c3 Nge7 8.O-O O-O 9.Re1 a6 10.a4 b6 11.Bg5 
h6 12.Bh4 Bb7 13.Bg3 Rc8 14.h3 Na5 15.Ba2 d5 
16.exd5 Nxd5 17.Bxd5 Bxd5 18.Nf4 c4 19.d4 Nc6 
20.Nxd5 Qxd5 21.Ne5 Nxe5 22.Bxe5 f6 23.Bg3 Rce8 
24.Rb1 b5 25.axb5 axb5 26.b3 e5 27.dxe5 Qxd1 
28.Rexd1 fxe5 29.bxc4 bxc4 30.Rb4 Rec8 31.Rd5 e4 
32.Be5 Rf5 33.Rbb5 Re8 34.Bxg7 Rxd5 35.Rxd5 Kxg7 
36.Rc5 Kf6 37.Rxc4 Kf5 38.Kf1 Kf4 39.Ke2 h5 40.g3+ 
Kf5 41.Rc5+ Re5 42.Rxe5+ Kxe5 43.Ke3 g5 44.c4 h4 
45.g4 Kd6 46.Kxe4 1-0

[Event "HCL-B101"]
[Site "www.playchess.de"]
[Date "2001.01.29"]
[Round "15"]
[White "Hubble"]
[Black "King_Safety"]
[WhiteElo "1733"]
[BlackElo "1295"]
[PlyCount "79"]
[Result "1/2-1/2"]

1.e4 c6 2.d4 d5 3.exd5 cxd5 4.Nf3 Bg4 5.Be2 Nf6 
6.Nc3 Nc6 7.O-O e6 8.h3 Bxf3 9.Bxf3 Bd6 10.Bg5 h6 
11.Be3 O-O 12.a3 Na5 13.Rc1 Nc4 14.Rb1 Rc8 15.Qe1 
a6 16.Be2 b5 17.Bd3 Qc7 18.Qc1 Nxe3 19.Qxe3 Bxa3 
20.Ne2 Bd6 21.g4 Rfe8 22.f4 Qb6 23.g5 hxg5 24.fxg5 
Ne4 25.Bxe4 dxe4 26.Qxe4 Qc6 27.Qxc6 Rxc6 28.c3 e5 
29.Rf5 exd4 30.Nxd4 Bc5 31.Rd1 Bxd4+ 32.Rxd4 Rce6 
33.Rdf4 R8e7 34.Kg2 R6e2+ 35.R4f2 Kh7 36.R5xf7 
R7e3 37.h4 Rxf2+ 38.Rxf2 Kg6 39.Rf3 Re2+ 
40.Rf2 1/2-1/2

[Event "HCL-B111"]
[Site "www.playchess.de"]
[Date "2001.01.29"]
[Round "18"]
[White "Gorodish"]
[Black "roofus"]
[WhiteElo "1747"]
[BlackElo "1353"]
[PlyCount "63"]
[Result "1-0"]

1.d4 Nf6 2.c4 d5 3.cxd5 Nxd5 4.e4 Nb6 5.Nc3 e6 
6.Nf3 Nc6 7.Bb5 a6 8.Bxc6+ bxc6 9.Ne5 Bb4 10.O-O 
Bb7 11.Qg4 g6 12.Rd1 Qf6 13.Bg5 h5 14.Bxf6 hxg4 
15.Bxh8 Rd8 16.Bf6 Rb8 17.Rac1 Nd7 18.Nxg4 Be7 
19.Bxe7 Kxe7 20.e5 c5 21.Rc2 Bc6 22.dxc5 Nxc5 
23.Ne2 Rb5 24.b4 Rxb4 25.Rxc5 Ba4 26.Rxc7+ Kf8 
27.Rd8+ Kg7 28.Nf6 Bb5 29.Rg8+ Kh6 30.Rh8+ Kg5 
31.f4+ Kf5 32.g4+ 1-0

[Event "HCL-B114"]
[Site "www.playchess.de"]
[Date "2001.01.29"]
[Round "10"]
[White "Federviech"]
[Black "PDelaquess"]
[WhiteElo "964"]
[BlackElo "1422"]
[PlyCount "36"]
[Result "0-1"]

1.c3 d5 2.d4 Nf6 3.Nf3 e6 4.Bf4 c5 5.e3 Bd6 6.Ne5 
cxd4 7.Qxd4 O-O 8.Bb5 a6 9.Ba4 b5 10.Bb3 Bxe5 
11.Bxe5 Nc6 12.Qc5 Nxe5 13.Bc2 Ne4 14.Qb4 Nc6 
15.Qb3 e5 16.f3 Nc5 17.Qb4 Nxb4 18.cxb4 
Qh4+ 0-1

[Event "HCL-B116"]
[Site "www.playchess.de"]
[Date "2001.01.29"]
[Round "6"]
[White "SAROS"]
[Black "Bauernopfer"]
[WhiteElo "1372"]
[BlackElo "1262"]
[PlyCount "58"]
[Result "0-1"]

1.e4 e5 2.Nf3 f6 3.c3 Nc6 4.Bb5 Nge7 5.O-O a6 
6.Bxc6 Nxc6 7.d4 exd4 8.cxd4 Bb4 9.a3 Ba5 10.b4 
Bb6 11.Bb2 d6 12.Nc3 Bg4 13.d5 Ne5 14.Na4 Bxf3 
15.gxf3 Ba7 16.Bxe5 fxe5 17.Qd2 Qd7 18.Nc3 Bd4 
19.Rac1 O-O 20.Ne2 Rxf3 21.Ng3 Qg4 22.a4 Raf8 
23.Rxc7 Rxg3+ 24.hxg3 Qxg3+ 25.Kh1 Qh4+ 26.Kg1 
Qg4+ 27.Kh1 Rf3 28.Rxg7+ Kxg7 29.Rg1 
Rh3+ 0-1

[Event "HCL-B118"]
[Site "www.playchess.de"]
[Date "2001.01.29"]
[Round "7"]
[White "Tsjernobyl"]
[Black "sarek"]
[WhiteElo "1300"]
[BlackElo "916"]
[PlyCount "41"]
[Result "1-0"]

1.e3 e5 2.d4 exd4 3.Qxd4 Nc6 4.Qe4+ Be7 5.Nf3 Nf6 
6.Qd3 O-O 7.Be2 d5 8.O-O Bg4 9.Nc3 Nb4 10.Qd1 c5 
11.a3 Nc6 12.h3 Bxf3 13.Bxf3 Ne5 14.Bxd5 Nxd5 
15.Nxd5 b6 16.e4 Qd6 17.Be3 Nc4 18.Rb1 Qe5 19.Qd3 
Rad8 20.Qxc4 Bd6 21.Bf4 1-0

[Event "HCL-B123"]
[Site "www.playchess.de"]
[Date "2001.01.29"]
[Round "6"]
[White "Ludger"]
[Black "pird"]
[WhiteElo "1500"]
[BlackElo "1486"]
[PlyCount "61"]
[Result "1/2-1/2"]

1.e4 c6 2.d4 d5 3.Nf3 dxe4 4.Ng5 Nf6 5.Bc4 e6 
6.Nc3 Bb4 7.f3 exf3 8.Nxf3 O-O 9.Bg5 Nbd7 10.O-O 
h6 11.Bh4 Qc7 12.Qe2 a5 13.Ne5 b5 14.Bd3 Bxc3 
15.bxc3 Nd5 16.Qh5 Nxe5 17.dxe5 Nxc3 18.Rf6 Nd5 
19.Rxh6 gxh6 20.Qg4+ Kh8 21.Bf6+ Nxf6 22.exf6 Rg8 
23.Qh5 Qf4 24.Qxf7 Rxg2+ 25.Kxg2 Qg4+ 26.Kf2 Qf4+ 
27.Ke1 Qe3+ 28.Kd1 Qg1+ 29.Kd2 Qg5+ 30.Kc3 Qe5+ 
31.Kd2 1/2-1/2

[Event "HCL-B127"]
[Site "www.playchess.de"]
[Date "2001.01.29"]
[Round "4"]
[White "JayKay"]
[Black "Stephen21"]
[WhiteElo "1587"]
[BlackElo "1233"]
[PlyCount "39"]
[Result "1-0"]

1.d4 d5 2.c4 Nc6 3.Nc3 dxc4 4.d5 Ne5 5.Qd4 f6 6.f4 
Nd7 7.Qxc4 Nb6 8.Qb3 Qd6 9.e4 e5 10.Nb5 Qc5 11.Bd2 
Nh6 12.Rc1 Qe7 13.Nxc7+ Kf7 14.d6+ Qe6 15.Nxe6 
Bxe6 16.Rc7+ Be7 17.Rxe7+ Kg6 18.f5+ Bxf5 19.exf5+ 
Nxf5 20.Qf7+ 1-0

[Event "HCL-B136"]
[Site "www.playchess.de"]
[Date "2001.01.29"]
[Round "1"]
[White "Redbaron"]
[Black "pdqbach"]
[WhiteElo "1459"]
[BlackElo "1152"]
[PlyCount "35"]
[Result "1-0"]

1.e4 e5 2.f4 d6 3.Nf3 Bg4 4.Bc4 Nc6 5.c3 Be7 6.O-O 
exf4 7.Qb3 Ne5 8.Nxe5 dxe5 9.Bxf7+ Kf8 10.d4 Bd6 
11.Bxf4 exf4 12.e5 Be7 13.Rxf4 Nh6 14.Bh5+ Bf5 
15.Rxf5+ Bf6 16.exf6 gxf6 17.Qe6 Qe7 
18.Rxf6+ 1-0

[Event "HCL-C066"]
[Site "www.playchess.de"]
[Date "2001.01.29"]
[Round "16"]
[White "mateusz"]
[Black "GaryG"]
[WhiteElo "1000"]
[BlackElo "1572"]
[PlyCount "33"]
[Result "1-0"]

1.e4 c5 2.Nf3 d6 3.d4 cxd4 4.Nxd4 Nf6 5.Nc3 Nc6 
6.Bb5 Bd7 7.f3 g6 8.O-O Bg7 9.g4 Qb6 10.Be3 Nxg4 
11.fxg4 Bxd4 12.Bxd4 Qxd4+ 13.Kg2 Qxd1 14.Raxd1 
Bxg4 15.Be2 Bxe2 16.Nxe2 Ne5 17.Nf4 1-0

[Event "HCL-C090"]
[Site "www.playchess.de"]
[Date "2001.01.29"]
[Round "10"]
[White "de_Leon"]
[Black "Guano_Ape"]
[WhiteElo "1000"]
[BlackElo "800"]
[PlyCount "25"]
[Result "1-0"]

1.d4 Nf6 2.c4 e5 3.dxe5 Ne4 4.Nf3 d6 5.Bf4 g5 
6.Qd5 gxf4 7.Qxe4 Qe7 8.Qxf4 Nc6 9.Nc3 Nxe5 
10.O-O-O Nxc4 11.Qxc4 Be6 12.Qe4 Bh6+ 
13.e3 1-0

[Event "HCL-C105"]
[Site "www.playchess.de"]
[Date "2001.01.29"]
[Round "11"]
[White "locko"]
[Black "Platon"]
[WhiteElo "1000"]
[BlackElo "1184"]
[PlyCount "39"]
[Result "1-0"]

1.g3 e6 2.Nf3 d5 3.d4 Bb4+ 4.c3 Be7 5.Bg2 c5 6.e3 
b6 7.a3 a5 8.Bd2 c4 9.Ne5 Nf6 10.f3 Bd7 11.Nxd7 
Qxd7 12.a4 b5 13.e4 bxa4 14.Rxa4 h5 15.g4 hxg4 
16.Bf4 Nh5 17.Be3 g5 18.fxg4 Nf4 19.Bf1 f5 
20.b4 1-0

[Event "HCL-C107"]
[Site "www.playchess.de"]
[Date "2001.01.29"]
[Round "12"]
[White "Frenzy"]
[Black "uneek"]
[WhiteElo "1000"]
[BlackElo "1052"]
[PlyCount "24"]
[Result "0-1"]

1.d4 d5 2.Bg5 Nf6 3.e3 c5 4.dxc5 Nc6 5.h4 e5 6.Nf3 
Bxc5 7.Nc3 O-O 8.e4 d4 9.Nxe5 dxc3 10.bxc3 Nxe5 
11.Bf4 Neg4 12.Bg3 Nxe4 0-1

[Event "HCL-C108"]
[Site "www.playchess.de"]
[Date "2001.01.29"]
[Round "15"]
[White "Tarahumara"]
[Black "blake0850"]
[WhiteElo "1114"]
[BlackElo "1000"]
[PlyCount "43"]
[Result "1-0"]

1.e4 d5 2.e5 e6 3.Qg4 f5 4.Qg3 Nc6 5.c3 g5 6.d4 f4 
7.Qd3 Nh6 8.g3 fxg3 9.hxg3 g4 10.Bxh6 Bxh6 11.Rxh6 
Kd7 12.Be2 Qg5 13.Rxh7+ Rxh7 14.Qxh7+ Ne7 15.f3 
Qe3 16.fxg4 Qxg1+ 17.Kd2 Qxg3 18.Na3 Qf4+ 19.Kd3 
b6 20.Rf1 Ba6+ 21.c4 Bxc4+ 22.Nxc4 1-0

[Event "HCL-C112"]
[Site "www.playchess.de"]
[Date "2001.01.29"]
[Round "12"]
[White "waxneedles"]
[Black "orange"]
[WhiteElo "800"]
[BlackElo "853"]
[PlyCount "43"]
[Result "1/2-1/2"]

1.e4 e6 2.d4 d5 3.Nd2 Nf6 4.e5 Nfd7 5.Ngf3 c5 6.c4 
Nc6 7.cxd5 Nxd4 8.Nxd4 cxd4 9.Qa4 a6 10.dxe6 fxe6 
11.Bc4 b5 12.Bxb5 Bc5 13.Nb3 O-O 14.Bxd7 Bxd7 
15.Qc4 Bb6 16.Nxd4 Bxd4 17.Qxd4 Qe8 18.O-O Bb5 
19.Rd1 Qf7 20.Be3 Rfd8 21.Qg4 Rac8 
22.Rxd8+ 1/2-1/2

[Event "HCL-C116"]
[Site "www.playchess.de"]
[Date "2001.01.29"]
[Round "3"]
[White "Robama"]
[Black "lulu"]
[WhiteElo "984"]
[BlackElo "1194"]
[PlyCount "46"]
[Result "0-1"]

1.d4 d5 2.Nc3 e6 3.e4 dxe4 4.Nxe4 Nc6 5.h4 Qxd4 
6.Qxd4 Nxd4 7.Bd3 c5 8.Nxc5 Bxc5 9.c3 Nc6 10.Nf3 
Nf6 11.a4 Ng4 12.Ng5 Nxf2 13.O-O Nxd3+ 14.Kh1 Nce5 
15.Ne4 Be7 16.b4 Nxc1 17.Raxc1 O-O 18.Rcd1 Bxh4 
19.Rd4 Bd7 20.g3 Bf6 21.Nd6 Bc6+ 22.Kg1 Rad8 23.b5 
Bd5 0-1

[Event "HCL-C121"]
[Site "www.playchess.de"]
[Date "2001.01.29"]
[Round "15"]
[White "Impi"]
[Black "Controler"]
[WhiteElo "1000"]
[BlackElo "1044"]
[PlyCount "30"]
[Result "0-1"]

1.e4 e5 2.Nf3 Nc6 3.Bb5 Bd6 4.d4 Nf6 5.Bxc6 bxc6 
6.dxe5 Bxe5 7.Nxe5 Nxe4 8.Qe2 d5 9.f3 Qf6 10.fxe4 
Qxe5 11.exd5 Qxe2+ 12.Kxe2 cxd5 13.Bf4 Bf5 14.c3 
O-O 15.Re1 Rfe8+ 0-1

[Event "HCL-C126"]
[Site "www.playchess.de"]
[Date "2001.01.29"]
[Round "5"]
[White "dnemir"]
[Black "waxneedles"]
[WhiteElo "1000"]
[BlackElo "733"]
[PlyCount "37"]
[Result "1-0"]

1.e4 g6 2.Nc3 Bg7 3.b3 b5 4.Rb1 Bb7 5.Bxb5 Bxc3 
6.dxc3 Bxe4 7.Nf3 a6 8.Qd4 Nf6 9.Bd3 Nc6 10.Qe3 
Bxd3 11.Qxd3 d5 12.O-O Rb8 13.Qxa6 Rb6 14.Qd3 e5 
15.Qe2 e4 16.Nd4 Na5 17.Be3 Ra6 18.Qxa6 c5 
19.Nc6 1-0

[Event "HCL-C129"]
[Site "www.playchess.de"]
[Date "2001.01.29"]
[Round "21"]
[White "waxneedles"]
[Black "Smiley"]
[WhiteElo "816"]
[BlackElo "863"]
[PlyCount "23"]
[Result "1-0"]

1.e4 e5 2.Nf3 Nc6 3.Bc4 Nh6 4.d3 Ng4 5.Ng5 Nxf2 
6.Kxf2 Qf6+ 7.Qf3 Bc5+ 8.Ke1 d5 9.Bxd5 Nd4 
10.Bxf7+ Kf8 11.Qxf6 gxf6 12.O-O 1-0

[Event "HCL-C137"]
[Site "www.playchess.de"]
[Date "2001.01.29"]
[Round "22"]
[White "sonnygarcia"]
[Black "jayr015"]
[WhiteElo "1085"]
[BlackElo "1179"]
[PlyCount "23"]
[Result "1-0"]

1.e4 e5 2.Nf3 d6 3.d4 exd4 4.Qxd4 Nc6 5.Bb5 Bd7 
6.Bxc6 Bxc6 7.O-O Nf6 8.Bg5 Qb8 9.Bxf6 gxf6 
10.Qxf6 Rg8 11.Ng5 Rg6 12.Qxf7+ 1-0

[Event "HCL-E006"]
[Site "www.playchess.de"]
[Date "2001.01.29"]
[Round "7"]
[White "dzwonek"]
[Black "d2d4"]
[WhiteElo "2000"]
[BlackElo "2000"]
[PlyCount "81"]
[Result "1-0"]

1.d4 e6 2.c4 c5 3.d5 exd5 4.cxd5 d6 5.e4 Nf6 6.Bd3 
g6 7.Nc3 Bg7 8.h3 O-O 9.Nf3 a6 10.a4 Re8 11.O-O b6 
12.Be3 Bb7 13.Nd2 Qc7 14.Nc4 Nbd7 15.Qf3 Ne5 
16.Nxe5 Rxe5 17.Bc4 Nd7 18.Be2 Rf8 19.Qg3 Ree8 
20.Bf4 Be5 21.Bxe5 Rxe5 22.f4 Ree8 23.Bc4 Kh8 
24.Qd3 Qc8 25.Kh2 Kg7 26.Rfe1 f6 27.g3 Re7 28.Rad1 
Rfe8 29.Ref1 h5 30.Qe2 Kh6 31.Qd2 Kg7 32.e5 f5 
33.exd6 Rf7 34.Rde1 Nf8 35.Rxe8 Qxe8 36.Qd3 a5 
37.Nb5 Qd7 38.Re1 Ba6 39.Re6 Qd8 40.Qe3 Bxb5 
41.Qe5+ 1-0

[Event "HCL-E014"]
[Site "www.playchess.de"]
[Date "2001.01.29"]
[Round "8"]
[White "charzoid"]
[Black "Goofy"]
[WhiteElo "2000"]
[BlackElo "2122"]
[PlyCount "26"]
[Result "0-1"]

1.d4 Nf6 2.c4 g6 3.Nc3 d5 4.cxd5 Nxd5 5.Nf3 Bg7 
6.e4 Nxc3 7.bxc3 O-O 8.Be2 c5 9.Rb1 cxd4 10.cxd4 
Qa5+ 11.Bd2 Qxa2 12.O-O Qe6 13.Qc2 
Qc6 0-1

[Event "HCL-E014"]
[Site "www.playchess.de"]
[Date "2001.01.29"]
[Round "12"]
[White "ARMAGEDON_8"]
[Black "charzoid"]
[WhiteElo "2253"]
[BlackElo "2000"]
[PlyCount "21"]
[Result "1-0"]

1.d4 g6 2.c4 d6 3.Nc3 Bg7 4.e4 Nf6 5.Nf3 O-O 6.Be2 
e5 7.O-O Nc6 8.d5 Ne7 9.b4 Nh5 10.Re1 Nf4 
11.Bf1 1-0

[Event "HCL-E014"]
[Site "www.playchess.de"]
[Date "2001.01.29"]
[Round "17"]
[White "charzoid"]
[Black "Tartan-Terror"]
[WhiteElo "2000"]
[BlackElo "2158"]
[PlyCount "20"]
[Result "0-1"]

1.d4 Nf6 2.c4 c5 3.d5 b5 4.cxb5 a6 5.e3 g6 6.Nc3 
Bg7 7.Nf3 O-O 8.bxa6 Bxa6 9.Bxa6 Nxa6 10.O-O 
d6 0-1

[Event "ACL-A033"]
[Site "www.playchess.de"]
[Date "2001.01.29"]
[Round "1"]
[White "Whoaplayer"]
[Black "sazex"]
[WhiteElo "1500"]
[BlackElo "1760"]
[PlyCount "64"]
[Result "0-1"]

1.e4 e5 2.Nf3 Nc6 3.Bb5 a6 4.Bxc6 dxc6 5.Nxe5 Qd4 
6.Nf3 Qxe4+ 7.Qe2 Qxe2+ 8.Kxe2 Bf5 9.d3 O-O-O 
10.Re1 Nf6 11.Kf1 Nd5 12.d4 Bxc2 13.Nbd2 Nb4 14.a3 
Bd3+ 15.Kg1 Nc2 16.Ra2 Nxe1 17.Nxe1 Rxd4 18.b4 Bg6 
19.Nef3 Rd5 20.h3 c5 21.bxc5 Bxc5 22.Bb2 Re8 
23.Bxg7 Re7 24.a4 Re2 25.Bh6 Rxf2 26.Rc2 Bxc2 
27.Kh2 Re2 28.Bf4 Rd3 29.h4 Bxa4 30.Kh3 Bb4 31.g3 
Bd7+ 32.g4 Bxd2 0-1

[Event "ACL-A056"]
[Site "www.playchess.de"]
[Date "2001.01.29"]
[Round "13"]
[White "dakini"]
[Black "Goofy"]
[WhiteElo "1318"]
[BlackElo "1752"]
[PlyCount "68"]
[Result "0-1"]

1.e4 c5 2.Nf3 Nc6 3.Nc3 g6 4.Bb5 Bg7 5.d3 e6 
6.Bxc6 bxc6 7.e5 f5 8.O-O Nh6 9.Ng5 Bxe5 10.f4 
Bd4+ 11.Kh1 Ng4 12.Qe2 O-O 13.Nd1 Bg7 14.Nf2 
{Spielst Du mit PC? Ich habe mir sagen lassen, es 
sei hier erlaubt. Bei mir ab nächster Runde}  
Nxf2+ {nein, ich erlaube mir mit eigenem gehirn zu 
spielen! allerdings ACL-turniere sind computer 
erlaubt!?}  15.Qxf2 {Dieses Turnier spiele ich 
ohne PC zu Ende. Künftig dann mit Hilfe-zum 
Lernen. Ohne PC dann in HCL}  d6 16.c3 h6 17.Nf3 
Ba6 18.Qe3 Re8 19.Bd2 Qb6 20.Rab1 Rad8 21.b3 e5 
22.g3 e4 23.Ne1 exd3 {_}  24.Qf3 Re2 {_}  25.Rf2 
Rde8 26.Nxd3 Bxd3 27.Qxd3 Rxf2 28.Re1 Qd8 29.Kg1 
Rxe1+ 30.Kxf2 Re4 31.Qf3 d5 32.c4 dxc4 33.Bc3 Bxc3 
34.Qxc3 Qd4+ 0-1

[Event "ACL-A063"]
[Site "www.playchess.de"]
[Date "2001.01.29"]
[Round "1"]
[White "whoopingfunst"]
[Black "dakini"]
[WhiteElo "1412"]
[BlackElo "1380"]
[PlyCount "30"]
[Result "0-1"]

1.e4 e5 2.Nf3 Nc6 3.Bc4 Bc5 4.b4 Bxb4 5.Nc3 Bxc3 
6.dxc3 Nf6 7.Ng5 d5 8.exd5 Na5 9.Bb5+ Bd7 10.Qe2 
Bxb5 11.Qxe5+ Kf8 12.d6 Qd7 13.dxc7 Re8 14.Qxe8+ 
Nxe8 15.Ba3+ Kg8 0-1

[Event "ACL-A063"]
[Site "www.playchess.de"]
[Date "2001.01.29"]
[Round "7"]
[White "TheBoss"]
[Black "whoopingfunst"]
[WhiteElo "1500"]
[BlackElo "1412"]
[PlyCount "23"]
[Result "1-0"]

1.e4 c5 2.Nf3 Nc6 3.Bc4 Nf6 4.e5 Ng4 5.Bxf7+ Kxf7 
6.Ng5+ Kg8 7.Qxg4 Nxe5 8.Qe4 d6 9.Qd5+ e6 10.Nxe6 
Bxe6 11.Qxe6+ Nf7 12.O-O 1-0

[Event "ACL-A064"]
[Site "www.playchess.de"]
[Date "2001.01.29"]
[Round "6"]
[White "Gandalf_9417"]
[Black "laehndie26"]
[WhiteElo "1500"]
[BlackElo "1500"]
[PlyCount "25"]
[Result "1-0"]

1.d4 Nf6 2.c4 b6 3.Nc3 c5 4.Nf3 Ba6 5.e4 d6 6.dxc5 
bxc5 7.e5 dxe5 8.Qxd8+ Kxd8 9.Nxe5 Bxc4 10.Bxc4 e6 
11.Nxf7+ Ke8 12.Nxh8 Ng4 13.Bxe6 1-0

[Event "ACL-A064"]
[Site "www.playchess.de"]
[Date "2001.01.29"]
[Round "7"]
[White "El_Sucio"]
[Black "nadavies_uk"]
[WhiteElo "1500"]
[BlackElo "1381"]
[PlyCount "31"]
[Result "1-0"]

1.d4 c5 2.d5 Nf6 3.c4 Qa5+ 4.Bd2 Qb6 5.Nc3 Qxb2 
6.Rb1 Qa3 7.Nb5 Qxa2 8.Nc7+ Kd8 9.Nxa8 Qxc4 
10.Ba5+ b6 11.Nxb6 axb6 12.Rxb6 Ke8 13.Rxb8 Qa6 
14.Qa4 {Die Hard?}  Nxd5 {Huh?}  15.e4 Qd6 {what 
do you mean? are you saying I should give up? 
Pah!}  16.Rxc8+ {So ...}  1-0

[Event "ACL-E006"]
[Site "www.playchess.de"]
[Date "2001.01.29"]
[Round "1"]
[White "Utesch"]
[Black "peze"]
[WhiteElo "1738"]
[BlackElo "1889"]
[PlyCount "35"]
[Result "1/2-1/2"]

1.d4 Nf6 2.c4 e6 3.Nc3 Bb4 4.f3 d5 {Hallo 
Wolfgang! Auf ein spannendes und schönes Spiel. 
Gruß Peter}  5.a3 Be7 {6.e4 ist bei mir zwar auf 
dem Diagramm aber nicht in der Notation. Wie ist's 
bei Dir?}  6.cxd5 {Bei mir auch nicht!}  exd5 {6. 
e4  c5 fehlt. Macht nix. Falls es Probleme 
deswegen gibt, dann Remis. Einverstanden? Gruß 
Peter}  7.dxc5 {Ich werde diesen Fehler an Thomas 
posten. Ich bin also nicht einverstanden mit einem 
Remis!}  Bxc5 {Ich meinte ja nur für den Fall, 
wenn wir techn. Probleme kriegen sollten.}  8.e5 
Nfd7 9.Qxd5 O-O 10.f4 Bxg1 11.Rxg1 Qb6 12.Rh1 Nc6 
13.Qb5 Nd4 14.Qxb6 Nxb6 15.Bd3 Nb3 16.Rb1 Rd8 
17.Be4 Nc5 18.Bc2 1/2-1/2